000 00362 a2200169 4500
001 175303
020 _a85-16-03290-6
040 _cMagnum
100 _aSoares, Lygia Terra
240 1 0 _aGeografia do Brasil
_lpor
245 1 0 _aGeografia do Brasil
300 _a391
362 0 _a2003
440 1 _aModerna
697 _aGEOGRAFIA DO BRASIL
942 _cBK
999 _c175303
_d175303